| 000 | 01014cam a2200313 4500 | ||
|---|---|---|---|
| 001 | 2531716 | ||
| 003 | ARRUPE | ||
| 005 | 20131210125847.0 | ||
| 008 | 740508s1974 enka b 001 0 eng | ||
| 010 | _a 74164551 //r903 | ||
| 015 | _aGB*** | ||
| 020 | _a057110407X | ||
| 035 | _a(OCoLC)ocm00917474 | ||
| 040 |
_aDLC _cDLC _dUKM _dZCU |
||
| 043 | _af-sj--- | ||
| 050 | 0 | 0 |
_aSPC DT132 _b.E79 |
| 082 | 0 | 0 | _a301.41/09629/5 |
| 100 | 1 |
_aEvans-Pritchard, E. E. _q(Edward Evan), _d1902-1973. _95362 |
|
| 245 | 1 | 0 |
_aMan and woman among the Azande; _cedited by E. E. Evans-Pritchard. |
| 260 |
_aLondon, _bFaber and Faber _c[1974] |
||
| 300 |
_a197 p. _billus. _c23 cm. |
||
| 504 | _aBibliography: p. 14-15. | ||
| 650 | 0 |
_aZande (African people) _95363 |
|
| 650 | 0 |
_aZande (African people) _xMarriage customs and rites. _95364 |
|
| 650 | 0 |
_aSex customs _zSudan. _95365 |
|
| 653 |
_aAzande _aMen _aInterpersonal relationships with women Sudan. Equatoria, ca 1920-1973 |
||
| 942 |
_2lcc _cREFERENCE |
||
| 999 |
_c119145 _d119145 |
||